| 000 | 00420nam a2200169Ia 4500 | ||
|---|---|---|---|
| 005 | 20250423095436.0 | ||
| 008 | 250422s9999 xx 000 0 und d | ||
| 020 | _a9789350143698 | ||
| 050 | _aTH 103 .S53/ | ||
| 100 | _aSharma, M. R. | ||
| 245 | 0 | _aFundamentals of construction planning and management | |
| 260 | _aNew Delhi | ||
| 260 | _bS. K. Kataria & Sons | ||
| 260 | _c2015 | ||
| 300 | _a353 p | ||
| 942 | _cBK | ||
| 999 |
_c30288 _d30288 |
||